000
00351nam a2200157Ia 4500
008
230605s2003 xx 000 0 und d
041
_a
eng
100
_a
Haynes
245
_a
Stepping up to superviser
260
_b
Viva books Mumbai
_c
2003
_c
2003
300
_a
178
365
_b
108
_h
20
500
_a
259
520
_a
General
650
_a
Hos.
999
_c
417879
_d
417879